00479pab a2200157 454500008004000000100002300040245011700063260000900180300001500189362000800204650001900212650002200231700001800253700002200271773002800293180718b2014 xxu||||| |||| 00| 0 eng d aKetelaars, Pauline aDegree of frame alignment: Comparing organisers' and participants' frames in 29 demonstration in three countries c2014 ap.504-524. aNov aDemonstrations aProtest movements aWouters, Ruud aWalgrave, Stefaan aInternational Sociology